Memurdu kovuldu milletvekili oldu (Record no. 10768)

MARC details
000 -BAŞLIK
Sabit Uzunlukta Kontrol Alanı 00994na a2200301 4500
001 - KONTROL NUMARASI
Denetim Alanı 24313
003 - KONTROL NUMARASI IDENTIFIER
Denetim Alanı MIRAKIL
005 - SON İŞLEM TARİHİ VE ZAMANI
Denetim Alanı 20181213155332.0
008 - SABİT-BOY VERİ ELEMANLARI - GENEL BİLGİLER
Sabit Uzunlukta Kontrol Alanı 181003b tu 000 0
040 ## - KATALOGLAMA KAYNAK
Orijinal Kataloglama Ajansı Milas
Kataloglama Dili tur
Metne Dönüştürmek Ajansı TR-AnCHP
041 ## - DİL KODU
Metin / Ses Parça Veya Ayrı Başlığın Dil Kodu tur
082 ## - DEWEY ONLU SINIFLANDIRMA NUMARASI
Sınıflandırma Numarası CHP 324.2561092
Ürün Numarası I74m [1997]
090 ## - SINIFLAMA NUMARASI
Sınıflama Numarası CHP 324.2561092 I74m [1997]
100 ## - ANA GİRİŞ - KİŞİSEL İSİM
Kişisel Ad Işık, Mahmut
245 ## - BAŞLIK TABLOSU
Başlık Memurdu kovuldu milletvekili oldu
Sorumluluk Tablosu, Vb Mahmut Işık
260 ## - YAYIN, DAĞITIM, VB
Yayın, Dağıtım, Vb Yeri Ankara
Yayıncı, Dağıtıcı, Vs Adı [yayl.y.]
Yayın, Dağıtım, Vb Tarihi [1997]
Üretici Firma Aşık ofset
300 ## - FİZİKSEL TANIM
Kapsam 311 s.
Boyutlar 20 sm.
600 ## - KONU KATMA GİRİŞ - KURUMSAL ADI
Kişisel Ad Işık, Mahmut
Başlıklar Ve Bir Adla İlişkili Diğer Kelimeler CHP Sivas Milletvekili
Genel Alt Bölümü TBMM çalışmaları
600 ## - KONU KATMA GİRİŞ - KURUMSAL ADI
Kişisel Ad Işık, Mahmut
Başlıklar Ve Bir Adla İlişkili Diğer Kelimeler CHP Sivas Milletvekili
Genel Alt Bölümü Söylev ve demeçler
610 ## - KONU KATMA GİRİŞ - TOPLANTI ADI
Giriş Elemanı Olarak Kurumsal Ad Veya Yargı Alanı Adı CHP
Genel Alt Bölüm Raporlar
-- Sivas raporu
610 ## - KONU KATMA GİRİŞ - TOPLANTI ADI
Giriş Elemanı Olarak Kurumsal Ad Veya Yargı Alanı Adı CHP
Genel Alt Bölüm Raporlar
-- Hakkari raporu
610 ## - KONU KATMA GİRİŞ - TOPLANTI ADI
Giriş Elemanı Olarak Kurumsal Ad Veya Yargı Alanı Adı CHP
Genel Alt Bölüm Raporlar
-- Tunceli raporu
610 ## - KONU KATMA GİRİŞ - TOPLANTI ADI
Giriş Elemanı Olarak Kurumsal Ad Veya Yargı Alanı Adı CHP
Genel Alt Bölüm Pakistan raporu
610 ## - KONU KATMA GİRİŞ - TOPLANTI ADI
Giriş Elemanı Olarak Kurumsal Ad Veya Yargı Alanı Adı CHP
Genel Alt Bölüm İrtica ile ilgili çalışmalar
650 ## - KONU KATMA GİRİŞ - TOPİKAL DÖNEM
Topikal Süreli Veya Coğrafi Ad Giriş Elemanı Siyaset ve yönetim
Genel Alt Bölümü Türkiye
650 ## - KONU KATMA GİRİŞ - TOPİKAL DÖNEM
Topikal Süreli Veya Coğrafi Ad Giriş Elemanı Siyasal partiler
Genel Alt Bölümü CHP
942 ## - EKLENDİ GİRİŞ ELEMANLARI (KOHA)
Sınıflandırma Veya Raf Düzeni Kaynak Dewey Decimal Classification
Koha Öğesi Türü Books
999 ## - SİSTEM KONTROL NUMARALARI (KOHA)
Koha Biblionumber 10768
Koha Biblioitemnumber 10768
Holdings
Kalıcı Konum Mevcut Konum Edinme Tarihi Edinim Kaynak Toplam Check-Out'Lar Tam Çağrı Numarası Barkod Tarih Son Görülme İtibaren Geçerli Fiyatlar Koha Öğesi Türü
CHP Kütüphanesi CHP Kütüphanesi 09/12/2018 Bağış   CHP 324.2561092 I74m [1997] 018390 09/12/2018 09/12/2018 Books